[Event "Wch U08 blitz"]
[Site "Batumi"]
[Date "2023.06.11"]
[Round "11"]
[White "Bashar, Aikozha"]
[Black "Avetisyan, Ashot A"]
[Result "0-1"]
[WhiteElo "1483"]
[BlackElo "1152"]
[PlyCount "112"]
[EventDate "2023.06.10"]
[EventType "swiss (blitz)"]
[EventRounds "11"]
[EventCountry "GEO"]
[SourceTitle "EXT 2024"]
[Source "ChessBase"]
[SourceDate "2023.10.10"]
[SourceVersion "1"]
[SourceVersionDate "2023.10.10"]
[SourceQuality "1"]
[WhiteTeam "Kazakhstan"]
[BlackTeam "Armenia"]
[WhiteTeamCountry "KAZ"]
[BlackTeamCountry "ARM"]

1. e4 e6 2. d4 d5 3. e5 c5 4. c3 Nc6 5. Nf3 Qb6 6. Bd3 cxd4 7. cxd4 Bd7 8. Bc2 Nb4 9. Nc3 Nxc2+ 10. Qxc2 Bb4 11. 0-0 Ne7 12. Bg5 Rc8 13. a3 Bxc3 14. bxc3 Nc6 15. Rab1 Nxd4 16. Rxb6 Nxc2 17. Rxb7 Nxa3 18. Rxa7 Nb5 19. Rb7 h6 20. Bh4 g5 21. Bg3 Nxc3 22. Nd4 Ne4 23. Rfb1 Ba4 24. Ra1 0-0 25. f3 Nxg3 26. hxg3 Bc2 27. Raa7 Bg6 28. Nb5 Ra8 29. Nd6 Rxa7 30. Rxa7 Rb8 31. g4 Rb1+ 32. Kh2 Re1 33. Ra8+ Kh7 34. Ne8 Rxe5 35. g3 d4 36. f4 gxf4 37. gxf4 Re2+ 38. Kg3 d3 39. g5 hxg5 40. fxg5 Rg2+ 41. Kxg2 Be4+ 42. Kg3 Bxa8 43. Kf2 Be4 44. Ke3 Kg6 45. Nd6 Bf5 46. Kd2 e5 47. Ke3 e4 48. Kd2 Kxg5 49. Nxf7+ Kf4 50. Nd6 e3+ 51. Kd1 Bg4+ 52. Kc1 d2+ 53. Kb2 d1Q 54. Nc4 Qe2+ 55. Kc3 Be6 56. Na3 Qd2# 0-1

[Event "Wch U08 blitz"]
[Site "Batumi"]
[Date "2023.06.11"]
[Round "7"]
[White "Cheng, Louis1"]
[Black "Bashar, Aikozha"]
[Result "1-0"]
[WhiteElo "1708"]
[BlackElo "1483"]
[PlyCount "141"]
[EventDate "2023.06.10"]
[EventType "swiss (blitz)"]
[EventRounds "11"]
[EventCountry "GEO"]
[SourceTitle "EXT 2024"]
[Source "ChessBase"]
[SourceDate "2023.10.10"]
[SourceVersion "1"]
[SourceVersionDate "2023.10.10"]
[SourceQuality "1"]
[WhiteTeam "Schottland"]
[BlackTeam "Kazakhstan"]
[WhiteTeamCountry "SCO"]
[BlackTeamCountry "KAZ"]

1. e4 e5 2. Nf3 Nc6 3. Bc4 Bc5 4. c3 d6 5. 0-0 Nf6 6. d3 Be6 7. Bxe6 fxe6 8. d4 exd4 9. cxd4 Bb6 10. Nc3 e5 11. d5 Ne7 12. Qe2 0-0 13. Na4 Ng6 14. Nxb6 axb6 15. Ng5 Qd7 16. Ne6 Rfe8 17. Bg5 Ra4 18. Bxf6 gxf6 19. b3 Ra5 20. Qf3 c6 21. Qxf6 cxd5 22. exd5 Rxd5 23. Ng5 Rf8 24. Ne4 Qg4 25. f3 Qf5 26. Qxf5 Rxf5 27. Rfd1 Rd4 28. Nxd6 Rf6 29. Nxb7 Nf4 30. Rxd4 exd4 31. g3 Ne6 32. Kg2 Rf7 33. Nd6 Rd7 34. Ne4 Nc7 35. Nf6+ Kf7 36. Nxd7 Ke6 37. Nxb6 Kd6 38. Nc4+ Kd5 39. Rd1 Nb5 40. Rd3 Kc5 41. a4 Nc7 42. a5 Na6 43. Kf2 Nb4 44. Ke2 Nc6 45. a6 Kb5 46. a7 Nxa7 47. Rxd4 Nc6 48. Rh4 Kb4 49. Rxh7 Kxb3 50. g4 Kxc4 51. Rc7 Kd5 52. Rxc6 Kxc6 53. h4 Kd7 54. h5 Ke7 55. g5 Kf7 56. f4 Kg7 57. Kf3 Kf7 58. Kg4 Kg7 59. h6+ Kg6 60. f5+ Kf7 61. g6+ Kg8 62. Kg5 Kf8 63. f6 Kg8 64. f7+ Kf8 65. h7 Ke7 66. h8Q Ke6 67. f8Q Kd5 68. Qe7 Kc4 69. Qhd8 Kb5 70. Qec7 Ka6 71. Qa8+ 1-0

[Event "Wch U08 blitz"]
[Site "Batumi"]
[Date "2023.06.11"]
[Round "10"]
[White "Esmer, Hamza"]
[Black "Bashar, Aikozha"]
[Result "0-1"]
[WhiteElo "1661"]
[BlackElo "1483"]
[PlyCount "86"]
[EventDate "2023.06.10"]
[EventType "swiss (blitz)"]
[EventRounds "11"]
[EventCountry "GEO"]
[SourceTitle "EXT 2024"]
[Source "ChessBase"]
[SourceDate "2023.10.10"]
[SourceVersion "1"]
[SourceVersionDate "2023.10.10"]
[SourceQuality "1"]
[WhiteTeam "Luxembourg"]
[BlackTeam "Kazakhstan"]
[WhiteTeamCountry "LUX"]
[BlackTeamCountry "KAZ"]

1. e4 e5 2. Nf3 Nc6 3. Nc3 Nf6 4. a3 Bc5 5. Bb5 0-0 6. 0-0 d6 7. h3 a6 8. Ba4 Be6 9. d3 h6 10. Bd2 Qc8 11. Kh2 g5 12. Be3 Ba7 13. Qd2 Nh7 14. h4 g4 15. Ne1 Qd8 16. g3 h5 17. f3 f5 18. Ng2 Nf6 19. Bh6 Rf7 20. exf5 Bd7 21. Qg5+ Kh8 22. Bb3 Rh7 23. Qc1 gxf3 24. Rxf3 Ng4+ 25. Kh1 Rxh6 26. Ne4 Nd4 27. Rf1 Bxf5 28. Ng5 Kg7 29. Rxf5 Nxf5 30. Ne6+ Rxe6 31. Qe1 Bf2 32. Qxf2 Nxf2+ 33. Kg1 Nh3+ 34. Kh2 Rg6 35. Kxh3 Rxg3+ 36. Kh2 Rxg2+ 37. Kxg2 Qxh4 38. Rg1 Kh6 39. Kf1 Ng3+ 40. Kg2 Rf8 41. c4 Nf5 42. Rh1 Ne3+ 43. Kg1 Rf1# 0-1

[Event "Wch U08 rapid"]
[Site "Batumi"]
[Date "2023.06.08"]
[Round "10"]
[White "Bakhyt, Rauan"]
[Black "Bashar, Aikozha"]
[Result "1-0"]
[WhiteElo "1208"]
[BlackElo "1384"]
[PlyCount "27"]
[EventDate "2023.06.06"]
[EventType "swiss (rapid)"]
[EventRounds "11"]
[EventCountry "GEO"]
[SourceTitle "EXT 2024"]
[Source "ChessBase"]
[SourceDate "2023.10.10"]
[SourceVersion "1"]
[SourceVersionDate "2023.10.10"]
[SourceQuality "1"]
[WhiteTeam "Kazakhstan"]
[BlackTeam "Kazakhstan"]
[WhiteTeamCountry "KAZ"]
[BlackTeamCountry "KAZ"]

1. e4 e5 2. Nf3 Nc6 3. d4 exd4 4. Bc4 Nf6 5. e5 d5 6. Bb5 Ne4 7. Nxd4 Bc5 8. Be3 0-0 9. Nxc6 bxc6 10. Bxc5 cxb5 11. Bxf8 Qxf8 12. Qxd5 Qb4+ 13. c3 Qxb2 14. Qd8# 1-0